Woman at point zero / (Record no. 121143)
[ view plain ]
| 000 -LEADER | |
|---|---|
| fixed length control field | 01056cam a22003734a 4500 |
| 001 - CONTROL NUMBER | |
| control field | 6300948 |
| 003 - CONTROL NUMBER IDENTIFIER | |
| control field | ARRUPE |
| 005 - DATE AND TIME OF LATEST TRANSACTION | |
| control field | 20160919115134.0 |
| 008 - FIXED-LENGTH DATA ELEMENTS--GENERAL INFORMATION | |
| fixed length control field | 061118s2007 enk 000 1 eng |
| 015 ## - NATIONAL BIBLIOGRAPHY NUMBER | |
| National bibliography number | GBA702918 |
| Source | bnb |
| 016 7# - NATIONAL BIBLIOGRAPHIC AGENCY CONTROL NUMBER | |
| Record control number | 013640041 |
| Source | Uk |
| 020 ## - INTERNATIONAL STANDARD BOOK NUMBER | |
| International Standard Book Number | 9781842778722 (hbk.) |
| 020 ## - INTERNATIONAL STANDARD BOOK NUMBER | |
| International Standard Book Number | 1842778722 (hbk.) |
| 020 ## - INTERNATIONAL STANDARD BOOK NUMBER | |
| International Standard Book Number | 1842778730 (pbk.) |
| 020 ## - INTERNATIONAL STANDARD BOOK NUMBER | |
| International Standard Book Number | 9781842778739 (pbk.) |
| 035 ## - SYSTEM CONTROL NUMBER | |
| System control number | (OCoLC)277066959 |
| 035 ## - SYSTEM CONTROL NUMBER | |
| System control number | (OCoLC)ocn277066959 |
| 035 ## - SYSTEM CONTROL NUMBER | |
| System control number | (NNC)6300948 |
| 040 ## - CATALOGING SOURCE | |
| Original cataloging agency | UKM |
| Transcribing agency | UKM |
| Modifying agency | BAKER |
| -- | BTCTA |
| -- | YDXCP |
| 041 1# - LANGUAGE CODE | |
| Language code of text/sound track or separate title | eng |
| Language code of original and/or intermediate translations of text | ara |
| 050 ## - LIBRARY OF CONGRESS CALL NUMBER | |
| Classification number | PR9375.9S3W6 2007 |
| 082 04 - DEWEY DECIMAL CLASSIFICATION NUMBER | |
| Classification number | 892.736 |
| Edition number | 22 |
| 300 ## - PHYSICAL DESCRIPTION | |
| Dimensions | 20 cm. |
| 100 1# - MAIN ENTRY--PERSONAL NAME | |
| Personal name | Saʻdāwī, Nawāl. |
| 9 (RLIN) | 12270 |
| 245 10 - TITLE STATEMENT | |
| Title | Woman at point zero / |
| Statement of responsibility, etc | Nawal el Saadawi. |
| 260 ## - PUBLICATION, DISTRIBUTION, ETC. (IMPRINT) | |
| Place of publication, distribution, etc | London : |
| Name of publisher, distributor, etc | Zed, |
| Date of publication, distribution, etc | 2007. |
| 263 ## - PROJECTED PUBLICATION DATE | |
| Projected publication date | 200705 |
| 300 ## - PHYSICAL DESCRIPTION | |
| Extent | xii, 114 p. ; |
| 546 ## - LANGUAGE NOTE | |
| Language note | Translated from the Arabic. |
| 650 #0 - SUBJECT ADDED ENTRY--TOPICAL TERM | |
| Topical term or geographic name as entry element | Prostitutes |
| Geographic subdivision | Egypt |
| Form subdivision | Fiction. |
| 9 (RLIN) | 12271 |
| 651 #0 - SUBJECT ADDED ENTRY--GEOGRAPHIC NAME | |
| Geographic name | Egypt |
| General subdivision | Social conditions |
| Form subdivision | Fiction. |
| 9 (RLIN) | 12272 |
| 942 ## - ADDED ENTRY ELEMENTS (KOHA) | |
| Source of classification or shelving scheme | Library of Congress Classification |
| Koha item type | Monograph ( Printed materials) |
| 948 2# - LOCAL PROCESSING INFORMATION (OCLC); SERIES PART DESIGNATOR (RLIN) | |
| Series part designator, SPT (RLIN) | 20071227 |
| b (OCLC) | a |
| c (OCLC) | sl13 |
| d (OCLC) | MPS |
| Withdrawn status | Lost status | Source of classification or shelving scheme | Damaged status | Not for loan | Collection code | Home library | Current library | Shelving location | Date acquired | Total Checkouts | Full call number | Barcode | Date last seen | Price effective from | Koha item type |
|---|---|---|---|---|---|---|---|---|---|---|---|---|---|---|---|
| Library of Congress Classification | Main Collection | ARRUPE LIBRARY | ARRUPE LIBRARY | Main Collection | 29/10/2014 | PR9375.9 S3 W6 2007 | 46500003726 | 29/10/2014 | 29/10/2014 | Monograph ( Printed materials) |